Tous les Rangs sur Fortnite - Statistiques

Statistiques générales
  • Ce quiz a été pris 1 295 fois
  • Le résultat moyen est 13 sur 18
Statistiques - réponses
Rangs % Correct
Unreal
88%
Champion
84%
Bronze I
80%
Elite
80%
Bronze II
79%
Bronze III
79%
Or I
70%
Or II
70%
Or III
70%
Platine I
69%
Platine II
68%
Platine III
68%
Diamant I
67%
Diamant II
67%
Diamant III
67%
Argent I
51%
Argent II
51%
Argent III
51%
Aucun quiz correspondant
Distribution des résultats
% des personnes avec chaque résultat
Percentile par nombre de réponses
Votre historique - résultats
Vous n’avez pas pris ce quiz